Statistics for Can you guess what these countries are? #3

Click here to take the quiz!

General Stats

  • This quiz has been taken 16 times
  • The average score is 11 of 16

Answer Stats

Answer% Correct
Japan
93%
Sudan
87%
Ukraine
87%
Finland
80%
Iran
80%
Madagascar
80%
Malaysia
80%
Saudi Arabia
80%
South korea
80%
Namibia
67%
Moldova
60%
Singapore
60%
Bahamas
53%
Botswana
53%
Malta
53%
Paraguay
53%

Score Distribution

Percentile by Number Answered

Percent of People with Each Score

Your Score History

You have not taken this quiz